Chansons avec le nom d'un animal dans le titre - Statistiques

Statistiques générales
  • Ce quiz a été pris 634 fois
  • Le résultat moyen est 7 sur 19
Statistiques - réponses
Interprète Titre % Correct
Barbara L'aigle noir
84%
Yannick Noah Les lionnes
70%
Georges Brassens Le gorille
65%
Pow Wow Le chat
61%
Marie Myriam L'oiseau et l'enfant
58%
Henri Salvador Le lion est mort ce soir
49%
Pierre Perret La cage aux oiseaux
45%
Chantal Goya Pandi-Panda
39%
Philippe Lafontaine Coeur de loup
35%
Tri Yann La jument de Michao
34%
Michel Fugain Fais comme l'oiseau
29%
Chantal Goya Un lapin
28%
Eddy Mitchell Le cimetière des éléphants
21%
Frank Alamo Ma biche
20%
Marc Lavoine Je descends du singe
14%
Sophie & Magaly Papa pingouin
14%
Line Renaud Le chien dans la vitrine
7%
Georges Brassens La cane de Jeanne
6%
Henri Salvador Minnie, petite souris
5%
Aucun quiz correspondant
Distribution des résultats
% des personnes avec chaque résultat
Percentile par nombre de réponses
Votre historique - résultats
Vous n’avez pas pris ce quiz